Vplyv klimatických zmien na počasie je intenzívnejší a vyvoláva čoraz viac prírodných katastrof
Mnohé krajiny prijali národné klimatické programy, mnohé podpísali dohovory o znížení produkcie skleníkových plynov. Vplyv klimatických zmien na počasie, extrémy počasia. Potreba zdokonalenia monitorovacej siete, lepšieho technického vybavenia, vzájomného informačného prepojenia. Zvýšenie priemernej...
Salvato in:
| Autore principale: | |
|---|---|
| Natura: | Capitolo di libro |
| Lingua: | slovacco |
| Soggetti: | |
| Tags: |
Nessun Tag, puoi essere il primo ad aggiungerne!!
|
MARC
| LEADER | 00000naa a2200000 4500 | ||
|---|---|---|---|
| 001 | r035696 | ||
| 005 | 20230921103754.4 | ||
| 041 | 0 | |a slo | |
| 044 | |a SK | ||
| 245 | 1 | 0 | |a Vplyv klimatických zmien na počasie je intenzívnejší a vyvoláva čoraz viac prírodných katastrof |c Katarína Začková |
| 520 | |a Mnohé krajiny prijali národné klimatické programy, mnohé podpísali dohovory o znížení produkcie skleníkových plynov. Vplyv klimatických zmien na počasie, extrémy počasia. Potreba zdokonalenia monitorovacej siete, lepšieho technického vybavenia, vzájomného informačného prepojenia. Zvýšenie priemernej teploty, nárast mernej vlhkosti v atmosfére. Dramatický vývoj produkcie skleníkových plynov. | ||
| 610 | 2 | 0 | |a prostredie životné |
| 610 | 2 | 0 | |a ochrana prostredia životného |
| 610 | 2 | 0 | |a ochrana prírody |
| 610 | 2 | 0 | |a počasie |
| 610 | 2 | 0 | |a vybavenosť technická |
| 610 | 2 | 0 | |a atmosféra |
| 610 | 2 | 0 | |a emisie |
| 610 | 2 | 0 | |a Slovensko |
| 610 | 2 | 0 | |a svet |
| 100 | 1 | |a Začková, Katarína | |